LEADER 01084nam a2200313 i 4500 001 991001189739707536 005 20020507184916.0 008 951127s1994 uk ||| | eng 020 $a0412542900 035 $ab10813275-39ule_inst 035 $aLE01308439$9ExL 040 $aDip.to Matematica$beng 082 0 $a519.4 084 $aAMS 58F05 084 $aAMS 65L 100 1 $aSanz-Serna, J. M.$060720 245 10$aNumerical Hamiltonian problems /$cJ. M. Sanz-Serna and M. P. Calvo 260 $aLondon :$bChapman & Hall,$c1994 300 $axii, 207 p. ;$c23 cm. 490 0 $aApplied mathematics and mathematical computation ;$v7 650 4$aHamiltonian systems 650 4$aOrdinary differential equations 700 1 $aCalvo, M. P. 907 $a.b10813275$b23-02-17$c28-06-02 912 $a991001189739707536 945 $aLE013 58F SAN11 (1994)$g1$i2013000040660$lle013$o-$pE0.00$q-$rl$s- $t0$u2$v2$w2$x0$y.i10918954$z28-06-02 996 $aNumerical Hamiltonian Problems$9376000 997 $aUNISALENTO 998 $ale013$b01-01-95$cm$da $e-$feng$guk $h0$i1 LEADER 03353nas 2200901- 450 001 9910131927903321 005 20230522213016.0 011 $a1096-8644 035 $a(DE-599)ZDB1495833-8 035 $a(OCoLC)37952516 035 $a(CKB)954925377905 035 $a(CONSER)sn-97001323- 035 $a(EXLCZ)99954925377905 100 $a19971117b19182021 s-- a 101 0 $aeng 135 $aurmnu|||||||| 181 $ctxt$2rdacontent 182 $cc$2rdamedia 183 $acr$2rdacarrier 200 10$aAmerican journal of physical anthropology 210 1$a[New York, NY] :$cWiley-Liss, Inc.,$d©1918- 215 $a1 online resource 300 $aTitle from table of contents screen (Wiley InterScience, viewed: May 31, 2006). 300 $aPublished: [Hoboken, N.J.] : Wiley-Liss, Inc., <2005-> 300 $aEditor: A Hrdli?ka, 1918- 311 08$a0002-9483 330 $aVolumes for 1930- include the Proceedings of the annual meeting of the American Association of Physical Anthropologists (sometimes issues as separately paged supplements); later issued separately as: Program of the ... Annual Meeting of the American Association of Physical Anthropologists, 1991- (alternates supplement numbering with: Yearbook of physical anthropology). 330 $aIncludes section "Literature." 410 0$aPublicación (Pan American Institute of Geography and History) ;$vno. 45. 517 1 $aPhysical anthropology 531 $aAMER J PHYS ANTHROPOL 531 $aAM J PHYS ANTHROPOL 531 $aAM J P ANTH 531 $aAmerican Journal of Physical Anthropology-New Series 531 $aAM. J. PHYS. ANTHROPOL 531 0 $aAm. j. phys. anthropol. 606 $aPhysical anthropology$vPeriodicals 606 $aAnthropology 606 $aPhysical anthropology$vPeriodicals 606 $aAnthropology 606 $aAnthropologie physique$xPériodiques 606 $aAnthropologie physique$vPériodiques 606 $aAnthropologie 606 $aanthropology$2aat 606 $aAnthropology$2fast$3(OCoLC)fst00810196 606 $aPhysical anthropology$2fast$3(OCoLC)fst01062357 606 $aAnthropologie$2gnd 606 $aZeitschrift$2gnd 606 $aOnline-Ressource$2gnd 606 $aFysische antropologie$2gtt 608 $aPeriodical 608 $aperiodicals.$2aat 608 $aPeriodicals.$2fast 608 $aPeriodicals.$2lcgft 608 $aPériodiques.$2rvmgf 615 0$aPhysical anthropology 615 0$aAnthropology. 615 0$aPhysical anthropology 615 2$aAnthropology 615 6$aAnthropologie physique$xPériodiques. 615 6$aAnthropologie physique 615 6$aAnthropologie. 615 7$aanthropology. 615 7$aAnthropology. 615 7$aPhysical anthropology. 615 7$aAnthropologie 615 7$aZeitschrift 615 7$aOnline-Ressource 615 17$aFysische antropologie. 676 $a573 702 $aHrdli?ka$b Ale?$f1869-1943, 712 02$aWistar Institute of Anatomy and Biology, 712 02$aAmerican Association of Physical Anthropologists, 712 02$aAmerican Association of Physical Anthropologists.$bAnnual meeting, 906 $aJOURNAL 912 $a9910131927903321 996 $aAmerican journal of physical anthropology$9802050 997 $aUNINA